Flow Measurement Engineering Handbook. (Record no. 4084)

MARC details
005 - DATE AND TIME OF LATEST TRANSACTION
control field 20250614130423.0
020 ## - INTERNATIONAL STANDARD BOOK NUMBER
International Standard Book Number 978-0-07-042366-4
082 ## - DEWEY DECIMAL CLASSIFICATION NUMBER
Classification number 536.5 MIL
100 ## - MAIN ENTRY--PERSONAL NAME
Author name MILLER, R. W.
245 ## - TITLE STATEMENT
Title Flow Measurement Engineering Handbook.
250 ## - EDITION STATEMENT
Edition statement 3rd Ed.
260 ## - PUBLICATION, DISTRIBUTION, ETC.
Place of publication, distribution, etc. Boston,
Name of publisher, distributor, etc. McGraw-Hill,
Date of publication, distribution, etc. 1996.
300 ## - PHYSICAL DESCRIPTION
Extent xxxviii, 1168p.: ill.; figure, picture, table
Other physical details Index
Dimensions 23cm.
942 ## - ADDED ENTRY ELEMENTS (KOHA)
Source of classification or shelving scheme Dewey Decimal Classification
Koha item type Books
Holdings
Date last seen Total checkouts Full call number Barcode Price effective from Koha item type Lost status Source of classification or shelving scheme Damaged status Not for loan Withdrawn status Home library Current library Shelving location Date acquired Cost, normal purchase price
06/14/2025   536.5 MIL 00000013044 06/14/2025 Books   Dewey Decimal Classification       College of Business Education Main Library College of Business Education Main Library General Collection 09/17/2024 409456.59
06/14/2025   536.5 MIL 00000013045 06/14/2025 Books   Dewey Decimal Classification       College of Business Education Main Library College of Business Education Main Library General Collection 09/17/2024 409456.59
06/14/2025   536.5 MIL 00000013046 06/14/2025 Books   Dewey Decimal Classification       College of Business Education Main Library College of Business Education Main Library General Collection 09/17/2024 409456.59
06/14/2025   536.5 MIL 00000013047 06/14/2025 Books   Dewey Decimal Classification       College of Business Education Main Library College of Business Education Main Library General Collection 09/17/2024 409456.59
06/14/2025   536.5 MIL 00000013048 06/14/2025 Books   Dewey Decimal Classification       College of Business Education Main Library College of Business Education Main Library General Collection 09/17/2024 409456.59